000 00435nam a2200157Ia 4500
005 20250325011215.0
008 240331s9999 xx 000 0 und d
020 _a812060430X
082 _bCUL
_23509
_a954.93
245 0 _aCulavamsa Being the More Recent Part of the Mahavamsa:
_bPart I
260 _aNew Delhi,
_bAsian Educational Services
_c1992
300 _axlii, 362 p.,
650 _aHistory
650 _aLiterature
942 _cL
999 _c3494
_d3494